000 00430nam a2200181Ia 4500
003 0100
008 130227s9999 xx 000 0 und d
040 _cARRUPELIB
050 _aBX 4705 .K39 A36 1986
100 0 _aKenny, Anthony.
_961
245 1 2 _aA Path from Rome
245 _bAn autobiography
260 _aOxford
260 _bOxrord University Press
300 _a214p.
300 _b20cm.
942 _2lcc
_cMONOGRAPH
999 _c7314
_d7314